Statistics for JRの路線愛称

Click here to take the quiz!

General Stats

  • This quiz has been taken 274 times
  • The average score is 21 of 47

Answer Stats

JR正式名称愛称% Correct
札沼線学園都市線
81%
東海道本線琵琶湖線
81%
本四備讃線他瀬戸大橋線
80%
山手貨物線他湘南新宿ライン
80%
片町線学研都市線
79%
東北本線他上野東京ライン
77%
東北本線宇都宮線
74%
北海道根室本線花咲線
73%
関西本線大和路線
71%
山陽本線JR神戸線
70%
東海道本線JR神戸線
70%
東海道本線JR京都線
70%
山陰本線嵯峨野線
67%
吉備線桃太郎線
64%
仙石線他仙石東北ライン
64%
紀勢本線きのくに線
61%
桜井線万葉まほろば線
61%
福知山線JR宝塚線
61%
九州篠栗線他福北ゆたか線
56%
西日本越美北線九頭竜線
53%
大船渡線ドラゴンレール大船渡線
50%
宇野線宇野みなと線
47%
青梅線東京アドベンチャーライン
46%
桜島線JRゆめ咲線
45%
筑豊本線原田線
40%
筑豊本線若松線
40%
男鹿線男鹿なまはげライン
37%
予讃線愛ある伊予灘線
36%
陸羽東線奥の細道湯けむりライン
33%
磐越東線ゆうゆうあぶくまライン
30%
水郡線奥久慈清流ライン
28%
香椎線海の中道線
27%
三角線あまくさみすみ線
23%
吉都線他えびの高原線
23%
陸羽西線奥の細道最上川ライン
23%
左沢線フルーツライン左沢線
22%
小海線八ヶ岳高原線
21%
四国徳島線よしの川ブルーライン
18%
久大本線ゆふ高原線
18%
東日本大湊線はまなすベイライン
17%
八戸線うみねこレール八戸市内線
16%
予土線しまんとグリーンライン
15%
磐越西線森と水とロマンの鉄道
15%
豊肥本線阿蘇高原線
15%
牟岐線阿波室戸シーサイドライン
12%
花輪線十和田八幡平四季彩ライン
11%
釜石線銀河ドリームライン釜石線
10%

Score Distribution

Percentile by Number Answered

Percent of People with Each Score

Your Score History

You have not taken this quiz